Visualizzazione normale
Vista MARC
- Colli Ombretta
di Personal Name
Records bibliografici associati: 1
001 - CONTROL NUMBER
- control field: 12940
003 - CONTROL NUMBER IDENTIFIER
- control field: IT-RoPau
005 - DATE AND TIME OF LATEST TRANSACTION
- control field: 20140211220918.0
008 - FIXED-LENGTH DATA ELEMENTS
- fixed length control field: 140211|| aca||aabn | a|a d
040 ## - CATALOGING SOURCE
- Original cataloging agency: IT-RoPau
- Transcribing agency: IT-RoPau
100 ## - HEADING--PERSONAL NAME
- Personal name: Colli Ombretta
- Miscellaneous information: Codice interprete SPICS: 11558
- Relator term: Interprete
670 ## - SOURCE DATA FOUND
- Source citation: Work cat.: (IT-RoPau)103184: AA.VV. 794, Una donna due donne un certo numero di donne